=LDR 00000nam 2200000 4500 =001 INLIS000000000011109 =005 20210608085656 =035 ##$$a 0010-061300000011109 =008 210608###########################0###### =041 ##$$a Ind =082 ##$$a 342 =090 ##$$a 342, Bus i =100 ##$$a Busroh, Abu Daud =245 1#$$a Intisari Hukum Tata Negara Perbandingan, Konstitusi Sembilan Negara, Abu Daud Busroh Sh =260 ##$$a 1987 :$b Jakarta =300 ##$$a viii, 339 hlm., 21 cm =850 ##$$a NBPNMAT =990 ##$$a 54.769/Pro.93 =990 ##$$a 59.771/Pro-93 =990 ##$$a 66.972/Pro-97-94-95